00347nam a2200121Ia 4500008004000000082001200040100002000052245003300072250000500105260004200110300001100152650006200163210210b1923 xxu||||| |||| 00| 0 eng d a110/144 aWINDELBAND (W). aHistory of philosophy. Ed.2. a aNew YorkbMacmillan & Co. Ltd.c1923 axv,726 aPhilosophy of Greek Roman Middle Ages Renaissance German